Footprints in the Forest (Record no. 248473)

MARC details
000 -LEADER
fixed length control field 00275pam a2200121 a 4500
020 ## - INTERNATIONAL STANDARD BOOK NUMBER
Terms of availability
041 ## - LANGUAGE CODE
Language code of original
100 ## - MAIN ENTRY--PERSONAL NAME
Personal name Ajit Banerjee,
Relator term author.
245 ## - TITLE STATEMENT
Title Footprints in the Forest
Medium Textual Documents
260 ## - PUBLICATION, DISTRIBUTION, ETC.
Place of publication, distribution, etc. [s.l]:
Name of publisher, distributor, etc. Natraj Publishers
300 ## - PHYSICAL DESCRIPTION
Extent 326.
930 ## - EQUIVALENCE OR CROSS-REFERENCE-UNIFORM TITLE HEADING [LOCAL, CANADA]
Uniform title 2622
Holdings
Withdrawn status Lost status Damaged status Not for loan Collection Home library Current library Date acquired Source of acquisition Cost, normal purchase price Total Checkouts Full call number Barcode Date last seen Copy number Price effective from Koha item type
          Institute of Environment Education & Research, Pune Institute of Environment Education & Research, Pune 15/06/2018 The word Bookshop pune1 399.20   EVP-2023 03/04/2023 1 03/04/2023 Book